Countries that Use the Dollar - Sudden Death - Statistics

General Stats
  • This quiz has been taken 372 times
  • The average score is 9 of 17
Answers on the Grid
Answers color-coded by a green-red scale on the quiz's grid according to % correct below.
Cyprus
Australia
Mexico
Belize
Brunei
Tuvalu
Dominican Republic
Uruguay
Kosovo
Trinidad and Tobago
Canada
Palau
Dominica
Colombia
United States
Argentina
Taiwan
Fiji
Malta
Guyana
Slovakia
Barbados
Cuba
Greece
Nauru
Philippines
Iran
Oman
Suriname
Algeria
Jamaica
New Zealand
 
Answer Stats
Answer % Correct
Australia
91%
United States
88%
Canada
81%
New Zealand
72%
Barbados
56%
Belize
54%
Jamaica
54%
Trinidad and Tobago
52%
Dominica
50%
Fiji
47%
Nauru
47%
Tuvalu
45%
Guyana
42%
Palau
42%
Taiwan
35%
Suriname
31%
Brunei
22%
No matching quizzes found
Score Distribution
Percent of People with Each Score
Percentile by Number Answered
Your Score History
You have not taken this quiz